Real Monasterio de Santes Creus : guía, descripción, fundación y destrucción del monasterio : privilegios, leyendas y tradiciones, curiosidades / Joaquín Guitert i Fontseré guía, descripción, fundación y destrucción del monasterio :
Descripción Física:
126 p., [32] p. de làm. ; 22 cm
Materias:
Santes Creus (Monestir)
MARC
| LEADER | 00000nam a2200000Ia 4500 | ||
|---|---|---|---|
| 001 | 11574 | ||
| 008 | 160829s1927 xx 000 0 cat d | ||
| 080 | |a B-1-318 | ||
| 100 | |a Guitert i Fontserè, Joaquim |9 38521 | ||
| 245 | |a Real Monasterio de Santes Creus : |b guía, descripción, fundación y destrucción del monasterio : |b privilegios, leyendas y tradiciones, curiosidades / Joaquín Guitert i Fontseré | ||
| 260 | |a Barcelona : |b (Imp. de la Casa Provincial de Caridad), |c 1927 | ||
| 300 | |a 126 p., [32] p. de làm. ; |c 22 cm | ||
| 650 | |a Santes Creus (Monestir) |9 38522 | ||
| 901 | |a Arxiu | ||
| 942 | |n 1 | ||
| 952 | |0 0 |1 0 |4 0 |6 B1318 |7 1 |9 48456 |a Arxiu |b Arxiu |d 2016-12-01 |l 0 |o B-1-318 |p 11574 |r 2016-12-01 00:00:00 |w 2016-12-01 |y ARXIU | ||
| 999 | |c 52285 |d 52285 | ||